000 00260nam a2200097Ia 4500
001 640532
005 20250826153449.0
008 250824s9999 xx 000 0 und d
245 0 _aTALİHSİZ SER 9 KARNAVAL UCUBELERİ SC
_cLEMONY SNICKET
260 _bDOĞAN EGMONT
999 _c640532
_d640532